zpět

Detail výsledku týmu

The Pub Praha 2 PO, Praha

Datum a čas kvízu

31 Celkem bodů Celkový počet nahraných bodů na tomto kvízu bez doplňovacích otázek.
9. Pořadí na kvízu Konečné umístění týmu na tomto kvízu.

Zaznamenané odpovědi

# Otázka Odpověď Body Výsledky
1. V posledních týdnech se do Čes... spalničky 1
2. Nepálské úřady minulý týden oz... C) pytlíkem na výkaly 1
3. Jak se nazývá kapela, kterou p... 4TET 1
4. Která automobilka získala s je... Mercedes 0
5. Který útočník minulý týden dok... Martin Nečas. 0
6. Vítězné téma facebookového hla... 1D 2A 3C 4B 1
7. Dne 18. dubna 1997 byli odsouz... Orličtí vrazi 1
8. Říká vám něco jméno herečky Šá... Irenka (Irena) 0
9. Kolik tlačítek má na své předn... tři 1
10. Ke které obci se v souvislosti... Drnovice 0